000 00289nam a2200109Ia 4500
008 220204s9999 xx 000 0 und d
082 _a339.5
_bSHO;3
100 _aSHOURIE, H D
245 0 _aUNCTAD.II. A step forward
260 _aNew Delhi
_bIndian Inst of Foreign Trade
_c1968
942 _cBK
999 _c21680
_d21680